The solar wind (Record no. 3237)

MARC details
000 -LEADER
fixed length control field 00861nam a2200229Ia 4500
003 - CONTROL NUMBER IDENTIFIER
control field IN-BaIIA
008 - FIXED-LENGTH DATA ELEMENTS--GENERAL INFORMATION
fixed length control field 211028s9999 xx 000 0 eng d
040 ## - CATALOGING SOURCE
Transcribing agency IIA Library
080 ## - UNIVERSAL DECIMAL CLASSIFICATION NUMBER
Universal Decimal Classification number 523.62-726
Item number THE
111 ## - MAIN ENTRY--MEETING NAME
Meeting name or jurisdiction name as entry element Conference on the solar wind
Location of meeting California
Date of meeting or treaty signing 1964 Apr. 1-4
9 (RLIN) 5745
245 #4 - TITLE STATEMENT
Title The solar wind
Remainder of title proceedings of a conference held at the California Institute of Technology,Pasadena, California, U.S.A. April 1-4, 1964
Statement of responsibility, etc. edited by Robert J. Mackin and Marcia Neugebauer
260 ## - PUBLICATION, DISTRIBUTION, ETC.
Place of publication, distribution, etc. Oxford
Name of publisher, distributor, etc. Pergamon Press
Date of publication, distribution, etc. 1966
300 ## - PHYSICAL DESCRIPTION
Extent xxx, 400p.
650 ## - SUBJECT ADDED ENTRY--TOPICAL TERM
Topical term or geographic name entry element Astronomy and astrophysics thesaurus
650 ## - SUBJECT ADDED ENTRY--TOPICAL TERM
Topical term or geographic name entry element Interstellar wind
9 (RLIN) 5746
650 ## - SUBJECT ADDED ENTRY--TOPICAL TERM
Topical term or geographic name entry element Solar wind
9 (RLIN) 5747
650 ## - SUBJECT ADDED ENTRY--TOPICAL TERM
Topical term or geographic name entry element Stellar winds
9 (RLIN) 5748
700 ## - ADDED ENTRY--PERSONAL NAME
Personal name Mackin, Robert J., ed.
9 (RLIN) 5749
700 ## - ADDED ENTRY--PERSONAL NAME
Personal name Neugebauer, Marcia, ed.
9 (RLIN) 5750
710 ## - ADDED ENTRY--CORPORATE NAME
Corporate name or jurisdiction name as entry element Jet Propulsion Laboratory.
9 (RLIN) 5751
942 ## - ADDED ENTRY ELEMENTS (KOHA)
Koha item type Books
Holdings
Withdrawn status Lost status Damaged status Not for loan Home library Current library Shelving location Date acquired Cost, normal purchase price Total Checkouts Full call number Barcode Date last seen Cost, replacement price Price effective from Koha item type Purchase Price
        IIA Library-Bangalore IIA Library-Bangalore General Stacks 26/04/1969 101.20   523.62-726/ THE 3595 05/11/2021 101.20 26/04/1969 Books Rs. 101.20

Powered by Koha